LIBRARY & INFORMATION CENTRE, KCAET, TAVANUR

ONLINE PUBLIC ACCESS CATALOGUE (OPAC)

Hydraulics and field performance of subsurface inline drip irrigation system (Record no. 15115)

MARC details
000 -LEADER
fixed length control field 00832nam a22001817a 4500
003 - CONTROL NUMBER IDENTIFIER
control field OSt
088 ## - REPORT NUMBER
Report number P 160
100 ## - MAIN ENTRY--AUTHOR NAME
Personal name JUVANA MARY JOSEPH
-- PRAVEEN JOHNSON
-- SANJANA T. K
245 ## - TITLE STATEMENT
Title Hydraulics and field performance of subsurface inline drip irrigation system
260 ## - PUBLICATION, DISTRIBUTION, ETC. (IMPRINT)
Place of publication Tavanur 2006
Name of publisher Kelappaji College of Agricultural Engineering and Technology
300 ## - PHYSICAL DESCRIPTION
Number of Pages 103
500 ## - GENERAL NOTE
General note Hydraulics and field performance of subsurface inline drip irrigation system
520 ## - SUMMARY, ETC.
Summary, etc Effect of mulch in subsurface drip method of irrigation.susurface drip & fertigation. a comparative evaluation of conventional, surface drip & subsurface method of irrigation
700 ## - ADDED ENTRY--PERSONAL NAME
Personal name Er. Asha Joseph (Guide)
856 ## - ELECTRONIC LOCATION AND ACCESS
Uniform Resource Identifier https://drive.google.com/open?id=1F00h_8Bt5PQ_rEtyzc5fdWaTRykgt6Hh
942 ## - ADDED ENTRY ELEMENTS (KOHA)
Koha item type Project Report
Holdings
Collection code Home library Current library Shelving location Full call number Accession Number Koha item type
Reference KAUAET KAUAET Reference 631.587 JUV/HY P 160 Project Report
free website counter